000
00305nam a22001337a 4500
008
170421b xxu||||| |||| 00| 0 eng d
020
_a
053450440
041
_a
eng
080
_2
3 ED
_a
573
100
_a
11
101
_a
SHM
245
_a
BIOLOGY CONCEPT AND APPLICATION
_c
STARRR.C
942
_2
udc
_c
BK
999
_c
11414
_d
11414